[Event "Open"]
[Site "Zagreb CRO"]
[Date "2006.01.15"]
[Round "2"]
[White "Saric,A"]
[Black "Ascic,A"]
[Result "1/2-1/2"]
[WhiteElo "2437"]
[BlackElo "2221"]

1.d4 Nf6 2.c4 e6 3.Nf3 d5 4.g3 Be7 5.Bg2 O-O 6.O-O c6 7.Qc2 Nbd7 8.b3 b6
9.Rd1 Bb7 10.Nc3 Rc8 11.e4 Nxe4 12.Nxe4 dxe4 13.Qxe4 Bd6 14.Qc2 Qe7 15.Be3 Rfd8
16.c5 Bc7 17.b4 Nf6 18.Qc1 Nd5 19.Bg5 f6 20.Bd2 Re8 21.Re1 Qf7 22.Qa3 Bb8
23.Re4 Re7 24.Rae1 Rce8 25.h4 h6 26.Bc1 Bc8 27.Bb2 Bc7 28.Qb3 Bd7 29.a3 Rb8
30.Qa2 b5 31.Qb3 a5 32.R4e3 Ra8 33.Bc3 Rae8 34.Bd2 a4 35.Qc2 e5 36.dxe5 fxe5
37.Nh2 Nf6 38.Bc3 Qc4 39.Qb2 Nd5 40.Bxe5  1/2-1/2

[Event "4th Parsvnath Open"]
[Site "New Delhi IND"]
[Date "2006.01.18"]
[Round "6"]
[White "Raetsky,A"]
[Black "Balasubramaniun,Ram"]
[Result "1-0"]
[WhiteElo "2431"]
[BlackElo "2322"]

1.d4 d5 2.c4 e6 3.Nf3 Nf6 4.g3 Be7 5.Bg2 O-O 6.O-O b6 7.cxd5 exd5 8.Nc3 Bb7
9.Ne5 Nbd7 10.Qa4 Nb8 11.Bg5 c6 12.Rad1 b5 13.Qc2 Nbd7 14.Nxd7 Qxd7 15.e4 Rad8
16.e5 Nh5 17.Bxe7 Qxe7 18.f4 g6 19.f5 gxf5 20.Rxf5 Ng7 21.Rf6 c5 22.Rh6 f5
23.dxc5 Qxe5 24.Qe2 Qc7 25.b4 Rfe8 26.Qf2 Re5 27.Nxb5 Qe7 28.Nd4 Re8 29.h3 Kh8
30.Kh2 Qf7 31.Rd2 Qc7 32.Qf4 Qf7 33.Nf3 Re4 34.Ng5  1-0

[Event "2nd Bundesliga West 2005-6"]
[Site "Austria AUT"]
[Date "2006.01.21"]
[Round "7"]
[White "Dizdar,G"]
[Black "Loeffler,C"]
[Result "1-0"]
[WhiteElo "2531"]
[BlackElo "2177"]

1.d4 Nf6 2.Nf3 d5 3.c4 e6 4.g3 Be7 5.Bg2 O-O 6.O-O dxc4 7.Qc2 a6 8.a4 Nbd7
9.Nbd2 c5 10.Nxc4 Nd5 11.Bd2 cxd4 12.Nxd4 Nb4 13.Bxb4 Bxb4 14.a5 Qe7 15.Rfd1 g6
16.Rac1 Rb8 17.Nb3 e5 18.Qe4 b5 19.axb6 Nxb6 20.Nxe5 Bb7 21.Qe3 Bxg2 22.Kxg2 Na4
23.Nd7 Nxb2 24.Rd4 Qxe3 25.fxe3 a5 26.Nxf8 Kxf8 27.Nc5 Rb5 28.Nd3 Bd2 29.Rb1 Bc3
30.Rd8+ Ke7 31.Rc8 Rb3 32.Rxc3  1-0

[Event "TCh-HUN 2005-6"]
[Site "Hungary HUN"]
[Date "2006.01.22"]
[Round "6"]
[White "Ignacz,M"]
[Black "Joo,G"]
[Result "1-0"]
[WhiteElo "2238"]
[BlackElo "2182"]

1.d4 d5 2.c4 e6 3.Nf3 Nf6 4.g3 Be7 5.Bg2 O-O 6.O-O dxc4 7.Qc2 a6 8.Qxc4 b5
9.Qc2 Bb7 10.Bg5 Nbd7 11.Bxf6 Nxf6 12.Nbd2 Rc8 13.Nb3 c5 14.dxc5 Bd5 15.Rfd1 Qc7
16.Nfd4 Bxc5 17.Nxc5 Qxc5 18.Qxc5 Rxc5 19.Bxd5 Nxd5 20.Rac1 Rxc1 21.Rxc1 Ra8
22.Nc6 Kf8 23.Ne5 f6 24.Nd3 Kf7 25.e4 Ne7 26.Kf1 Rc8 27.Rxc8 Nxc8 28.Nb4 a5
29.Nc6 a4 30.Ke2 Nd6 31.Kd3 e5 32.f3 Ke6 33.Kc3 Kd7 34.Nb4 Nc4 35.Nd5 Kc6
36.b3 axb3 37.axb3 Nd6 38.Kb4 Nc8 39.Kc3 Kc5 40.Nc7 g6 41.Na6+ Kb6 42.Nb4 Ne7
43.f4 exf4 44.gxf4 h6 45.Kd4 Nc6+ 46.Nxc6 Kxc6 47.e5 fxe5+ 48.Kxe5 Kc5 49.Kf6 Kb4
50.Kxg6 Kxb3 51.f5  1-0

[Event "11th HIT Open A"]
[Site "Nova Gorica SLO"]
[Date "2006.01.28"]
[Round "4"]
[White "Saric,A"]
[Black "Nikolov,Sas"]
[Result "1-0"]
[WhiteElo "2455"]
[BlackElo "2381"]

1.d4 e6 2.c4 Nf6 3.Nf3 d5 4.g3 Be7 5.Bg2 O-O 6.O-O Nbd7 7.Qc2 c6 8.b3 b6
9.Rd1 Bb7 10.Nc3 Rc8 11.e4 Ba8 12.Bb2 Qc7 13.e5 Ne8 14.Rac1 Bb7 15.h4 h6
16.cxd5 cxd5 17.Qd2 Qb8 18.Nb5 Nc7 19.Ba3 Bxa3 20.Nxa3 Ba6 21.Rc2 Qb7 22.Rdc1 Rfd8
23.Qb4 Ne8 24.Nb5 Bxb5 25.Qxb5 Rxc2 26.Rxc2 Rc8 27.Qe2 Rxc2 28.Qxc2 Qc7 29.Ne1 Qxc2
30.Nxc2 Nc7 31.Bf1 Kf8 32.f3 Ke7 33.Kf2 Nb8 34.Ke3 Nc6 35.g4 a5 36.a3 Na7
37.Bd3 b5 38.Kd2 Nc8 39.f4 Nb6 40.Kc3 Kd7 41.h5 Kc6 42.g5 a4 43.Ne3 axb3
44.Ng4 Nc4 45.gxh6 gxh6 46.Nxh6 b2 47.Nxf7 b4+ 48.Kxb4 Nb5 49.h6  1-0

[Event "Bundesliga 2005-6"]
[Site "Kreuzberg GER"]
[Date "2006.01.29"]
[Round "9"]
[White "Romanishin,O"]
[Black "Ribli,Z"]
[Result "1/2-1/2"]
[WhiteElo "2552"]
[BlackElo "2593"]

1.d4 Nf6 2.c4 e6 3.Nf3 d5 4.g3 Be7 5.Bg2 O-O 6.O-O dxc4 7.Qc2 a6 8.a4 Bd7
9.Qxc4 Bc6 10.Bg5 Bd5 11.Qd3 c5 12.Nc3 cxd4 13.Nxd5 Nxd5 14.Bxe7 Qxe7 15.Nxd4 Nc6
16.Rac1 Nxd4 17.Qxd4 Rad8 18.Qc5 Rd7 19.Rfd1 Rfd8 20.Bxd5 Qxc5 21.Rxc5 exd5
22.e4 d4 23.Rd3 Kf8 24.Kg2 Re8 25.f3 Re6 26.Kf2 Rb6 27.b3 Rc6 28.Rxc6 bxc6
29.Rd1 Ke7 30.Rc1 d3 31.Rd1 d2 32.Ke2 Rb7 33.Rb1 Rd7 34.Rd1 Rb7 35.Rb1 Rd7
36.Rd1  1/2-1/2

[Event "Corus C"]
[Site "Wijk aan Zee NED"]
[Date "2006.01.29"]
[Round "13"]
[White "Atalik,E"]
[Black "Bensdorp,M"]
[Result "1/2-1/2"]
[WhiteElo "2399"]
[BlackElo "2230"]

1.d4 e6 2.c4 Nf6 3.g3 d5 4.Bg2 Be7 5.Nf3 O-O 6.O-O dxc4 7.Qc2 a6 8.Qxc4 b5
9.Qc2 Bb7 10.Bd2 Ra7 11.a3 Be4 12.Qc1 Nbd7 13.Ba5 Qa8 14.Nc3 Bc6 15.Re1 Ne4
16.b4 Bd6 17.a4 Nxc3 18.Qxc3 Nf6 19.Nh4  1/2-1/2

[Event "ch-GER"]
[Site "Osterburg GER"]
[Date "2006.02.04"]
[Round "2"]
[White "Gustafsson,J"]
[Black "Baramidze,D"]
[Result "1/2-1/2"]
[WhiteElo "2614"]
[BlackElo "2554"]

1.d4 d5 2.c4 e6 3.Nf3 Nf6 4.g3 Be7 5.Bg2 O-O 6.O-O dxc4 7.Ne5 Nc6 8.Bxc6 bxc6
9.Nxc6 Qe8 10.Nxe7+ Qxe7 11.Qa4 c5 12.Qa3 Bb7 13.Bg5 Rfc8 14.Nc3 Kf8 15.Rfd1 cxd4
16.Qxe7+ Kxe7 17.Rxd4 e5 18.Rd2 Rd8 19.Rad1 Rxd2 20.Rxd2 Rd8 21.Rxd8 Kxd8
22.Nd1 Bd5 23.Kf1 Kd7 24.Bxf6 gxf6 25.Ke1 Kd6 26.Kd2 f5 27.Kc3 Kc5 28.f4 f6
29.Ne3  1/2-1/2

[Event "ch-GER"]
[Site "Osterburg GER"]
[Date "2006.02.07"]
[Round "5"]
[White "Espig,L"]
[Black "Rother,C"]
[Result "1/2-1/2"]
[WhiteElo "2402"]
[BlackElo "2293"]

1.d4 Nf6 2.Nf3 e6 3.g3 d5 4.c4 Be7 5.Bg2 O-O 6.O-O dxc4 7.Ne5 Nc6 8.Nxc6 bxc6
9.Bxc6 Rb8 10.Nc3 Bb7 11.Qa4 Qxd4 12.Be3 Bxc6 13.Qxc6 Qd6 14.Qxc4 Rb4 15.Qd3 Rxb2
16.Bxa7 Qxd3 17.exd3 Ra8 18.Be3 Bb4 19.Ne4 Nxe4 20.dxe4 Raxa2 21.Rxa2 Rxa2
22.Rc1 Bd6 23.Bd4 f6 24.Bc5 Be5 25.f4 Ra1 26.Rxa1 Bxa1 27.f5 Kf7 28.Kf2 g6
29.g4 exf5 30.exf5 Be5 31.h3 Bd6 32.Be3 c5 33.Ke2 c4 34.Kf3 Be5 35.Ke4 g5
36.Kd5 c3 37.Kc4 Ke7 38.Bc5+ Kd7 39.Kd3 Kc6 40.Bb4 Kd5  1/2-1/2

[Event "ch-CZE"]
[Site "Brno CZE"]
[Date "2006.02.10"]
[Round "4"]
[White "Konopka,M"]
[Black "Jirovsky,M"]
[Result "1/2-1/2"]
[WhiteElo "2489"]
[BlackElo "2476"]

1.d4 d5 2.c4 e6 3.Nf3 Nf6 4.g3 Be7 5.Bg2 O-O 6.O-O dxc4 7.Qc2 a6 8.Qxc4 b5
9.Qc2 Bb7 10.Bg5 Nbd7 11.Bxf6 Nxf6 12.Nbd2 Rc8 13.Nb3 Be4 14.Qc3 Nd5 15.Qc1 Nb4
16.Ne1 Bd5 17.Nc2 Bg5 18.Qd1 Nxc2 19.Qxc2 Bxb3 20.axb3 Qxd4 21.Rxa6 c5 22.Rd1 Qb4
23.Qc3 Bf6 24.Qxb4 cxb4 25.Bc6 Bxb2  1/2-1/2

[Event "FSGM February"]
[Site "Budapest HUN"]
[Date "2006.02.11"]
[Round "8"]
[White "Ilincic,Z"]
[Black "Prohaszka,P2"]
[Result "1-0"]
[WhiteElo "2545"]
[BlackElo "2344"]

1.d4 Nf6 2.c4 e6 3.Nf3 d5 4.g3 Be7 5.Bg2 O-O 6.Qc2 c5 7.cxd5 cxd4 8.Nxd4 Nxd5
9.O-O Nb4 10.Qd2 e5 11.Nf3 N8c6 12.Nc3 Qa5 13.b3 Rd8 14.Qb2 Nd5 15.Nxd5 Qxd5
16.Ng5 Qb5 17.a4 Qb4 18.a5 f6 19.Ne4 Nxa5 20.Ra4 Qb6 21.b4 Nc4 22.Qc2 Nd6
23.Be3 Qb5 24.Nc3 Qe8 25.Bb6 Rd7 26.Bxa7 Bd8 27.Rfa1 Rc7 28.Bc5 Rxa4 29.Rxa4 Nf7
30.Nd5 Rc6 31.b5 Re6 32.Ra8 Bd7 33.Nc7 Bxc7 34.Rxe8+ Rxe8 35.b6 Bb8 36.Bxb7 Nd8
37.Be4 g6 38.Bxg6 hxg6 39.Qxg6+ Kh8 40.Qxf6+ Kh7 41.Bf8 Ne6 42.Qf7+ Kh8 43.Qxd7  1-0

[Event "EU-chT Seniors"]
[Site "Dresden GER"]
[Date "2006.02.18"]
[Round "2"]
[White "Lieb,H"]
[Black "Wheeler,Jo"]
[Result "1-0"]
[WhiteElo "2242"]
[BlackElo "2187"]

1.d4 d5 2.c4 e6 3.Nf3 Nf6 4.g3 Be7 5.Bg2 O-O 6.O-O b6 7.Nc3 Bb7 8.cxd5 Nxd5
9.Re1 Nd7 10.e4 Nxc3 11.bxc3 c5 12.Bf4 Re8 13.h4 Nf6 14.Ne5 Bd6 15.Nxf7 Kxf7
16.Bxd6 Qxd6 17.e5 Qc7 18.Bxb7 Qxb7 19.exf6 gxf6 20.Qh5+ Kg7 21.Qg4+ Kf7
22.dxc5 bxc5 23.Rad1 Qc6 24.Qf4 Rad8 25.Qh6 Kg8 26.Rxd8 Rxd8 27.Qxf6 Rd6
28.Kh2 e5 29.Qg5+ Kf7 30.Rxe5 Rf6 31.Qh5+  1-0

[Event "Bundesliga 2005-6"]
[Site "Solingen GER"]
[Date "2006.02.18"]
[Round "10"]
[White "Romanishin,O"]
[Black "Sandipan,C"]
[Result "1/2-1/2"]
[WhiteElo "2552"]
[BlackElo "2522"]

1.d4 Nf6 2.Nf3 e6 3.g3 d5 4.Bg2 Be7 5.c4 O-O 6.O-O dxc4 7.Qc2 a6 8.a4 Bd7
9.Qxc4 Bc6 10.Bg5 Bd5 11.Qd3 Be4 12.Qe3 Bxb1 13.Raxb1 Nd5 14.Qc1 a5 15.Rd1 Na6
16.Bd2 Nab4 17.b3 Rc8 18.e4 Nf6 19.Bxb4 Bxb4 20.Ne5 Re8 21.Qf4 Qe7 22.Nd3 Red8
23.Qe3 Ng4 24.Qe2 Nf6 25.Qe3 Ng4 26.Qe2 Nf6  1/2-1/2

[Event "EU-chT Seniors"]
[Site "Dresden GER"]
[Date "2006.02.22"]
[Round "6"]
[White "Chernikov,O"]
[Black "Hecht,HJ"]
[Result "1/2-1/2"]
[WhiteElo "2411"]
[BlackElo "2397"]

1.c4 Nf6 2.g3 e6 3.Bg2 d5 4.Nf3 Be7 5.d4 O-O 6.O-O a6 7.Ne5 Nbd7 8.Nc3 c6
9.Nxd7 Nxd7 10.b3 b5 11.a4 bxc4 12.bxc4 a5 13.cxd5 cxd5 14.e4 Ba6 15.Re1 Rc8
16.Bd2 Bb4 17.Nb5 Nb6 18.Bxb4 axb4 19.Rb1  1/2-1/2

[Event "Festival de Meurthe-et-Moselle A"]
[Site "Nancy FRA"]
[Date "2006.02.23"]
[Round "6"]
[White "Adrian,C"]
[Black "Becker,Mart"]
[Result "1/2-1/2"]
[WhiteElo "2278"]
[BlackElo "2353"]

1.Nf3 d5 2.d4 Nf6 3.c4 e6 4.g3 Be7 5.Bg2 O-O 6.O-O dxc4 7.Na3 Bxa3 8.bxa3 Bd7
9.Ne5 Bc6 10.Nxc6 Nxc6 11.Bb2 Nd5 12.Rb1 Nb6 13.e3 Qd6 14.Qc2 Rab8 15.Rfd1 Rfd8
16.e4 e5 17.d5 Nd4 18.Bxd4 exd4 19.Rxd4 c6 20.a4 Qc5 21.Qc3 Nxa4 22.Qxc4 Qxc4
23.Rxc4 Nb6 24.dxc6  1/2-1/2

[Event "2nd Bundesliga Ost 2005-6"]
[Site "Austria AUT"]
[Date "2006.02.26"]
[Round "9"]
[White "Mlynek,P"]
[Black "Salamon,W"]
[Result "1/2-1/2"]
[WhiteElo "2256"]
[BlackElo "2170"]

1.d4 d5 2.c4 e6 3.Nf3 Nf6 4.g3 Be7 5.Bg2 O-O 6.O-O c5 7.cxd5 exd5 8.Nc3 Nc6
9.dxc5 Bxc5 10.Na4 Be7 11.Be3 Re8 12.Rc1 Bg4 13.h3 Bxf3 14.Bxf3 Qd7 15.Bg2 d4
16.Bg5 Ne4 17.Bxe7 Qxe7 18.Qd3 Rad8  1/2-1/2

[Event "1st ONGC Cup"]
[Site "Hyderabad IND"]
[Date "2006.03.01"]
[Round "6"]
[White "Fominyh,A"]
[Black "Palit,S"]
[Result "1-0"]
[WhiteElo "2518"]
[BlackElo "2333"]

1.d4 Nf6 2.Nf3 e6 3.g3 d5 4.Bg2 Be7 5.c4 O-O 6.O-O dxc4 7.Qc2 b5 8.a4 c6
9.axb5 Nd5 10.bxc6 Nxc6 11.Qxc4 Bb7 12.Nc3 Ndb4 13.Qb3 Qb6 14.Rd1 Rfd8 15.Bf4 Na5
16.Qa4 Nc4 17.Rdb1 Bc6 18.Qb3 Na5 19.Qd1 Nd5 20.Nxd5 Bxd5 21.b4 Bxb4 22.Rxb4 Qxb4
23.Bd2 Qb7 24.Bxa5 Rdc8 25.Ne1 Bxg2 26.Nxg2 Rab8 27.Nf4 Rc4 28.e3 Qb5 29.Be1 Rc7
30.Nd3 Qd5 31.Bb4 Rcb7 32.Bc3 Rb3 33.Rc1 Rc8 34.Nc5 Ra3 35.e4 Qg5 36.Bb2 Ra5
37.Nb3  1-0

[Event "1st ONGC Cup"]
[Site "Hyderabad IND"]
[Date "2006.03.02"]
[Round "7"]
[White "Fominyh,A"]
[Black "Deepan,C"]
[Result "1/2-1/2"]
[WhiteElo "2518"]
[BlackElo "2428"]

1.Nf3 Nf6 2.c4 e6 3.g3 d5 4.d4 Be7 5.Bg2 O-O 6.O-O dxc4 7.Qc2 a6 8.a4 Bd7
9.Qxc4 Bc6 10.Bf4 Bd6 11.Bg5 Nbd7 12.Nc3 h6 13.Bxf6 Nxf6 14.Rfe1 Ne4 15.Qd3 Nxc3
16.bxc3 Rb8 17.a5 Qe7 18.Nd2 Bxg2 19.Kxg2 e5 20.e3 Rfd8 21.Reb1 exd4 22.exd4 Qg5
23.Nc4 Qd5+ 24.Kg1 h5 25.Ne3 Qf3 26.Ra2 g6 27.Re1 Re8 28.Qd1 Qc6 29.c4 Bf8
30.Qa4 Bg7 31.Qxc6 bxc6 32.Rd1 Rb4 33.d5 Rd8 34.Rad2 Bh6 35.f4 Bf8 36.Kg2 Bc5
37.Kf3 Bxe3 38.Kxe3 Rxc4 39.d6 Rxd6 40.Rxd6 cxd6 41.Rxd6 Rc5 42.Kd4 Rxa5
43.Rxc6 Kg7 44.Ke4 Ra2 45.Kf3 a5 46.Ra6 a4 47.h3 a3 48.Ra5 Ra1 49.Kg2 Kf6
50.Ra6+ Ke7 51.g4 h4 52.g5 a2 53.Kh2 Kd7 54.Kg2 Kc7 55.Ra8 Kb7 56.Ra3 Kc6
57.Ra6+ Kd5 58.Ra7 Ke6 59.Ra6+ Ke7 60.Ra7+ Ke6 61.Ra6+ Kd5 62.Ra7 Ke4 63.Re7+ Kxf4
64.Rxf7+ Kxg5 65.Ra7 Kh6 66.Ra4 g5 67.Ra6+ Kg7 68.Ra7+ Kg6  1/2-1/2

[Event "1st ONGC Cup"]
[Site "Hyderabad IND"]
[Date "2006.03.04"]
[Round "9"]
[White "Fominyh,A"]
[Black "Arun Prasad,S"]
[Result "1/2-1/2"]
[WhiteElo "2518"]
[BlackElo "2384"]

1.d4 d5 2.c4 e6 3.Nf3 Nf6 4.g3 Be7 5.Bg2 O-O 6.Qc2 dxc4 7.Qxc4 a6 8.Qc2 c5
9.dxc5 Qa5+ 10.Nc3 Nd5 11.Nd4 Nxc3 12.Nb3 Qb4 13.Bd2 Bxc5 14.Qxc3 Qxc3 15.Bxc3 Bb6
16.Ba5 Bxa5+ 17.Nxa5 Ra7 18.O-O b6 19.Nc4 b5 20.Na5 Rd7 21.b4 Rd2 22.Bf3 e5
23.e3 Be6 24.a3 g6 25.Rfc1 Kg7 26.Kf1 Rb2 27.Rab1 Rxb1 28.Rxb1 Rc8 29.Ke1 Rc3
30.Ra1 Rc2 31.Rd1 Rc3 32.Ra1 Rc2 33.Be4 Rb2 34.Rd1 Nd7 35.Bb7 Nf6 36.Rd2 Rb1+
37.Ke2 e4 38.Rc2 Nd5 39.Rc5 Rb2+ 40.Ke1 Nf6 41.Bxa6 Ng4 42.Bxb5 Nxf2 43.Rc3 Bg4
44.Rb3 Rc2 45.Bc4 Nh3 46.Bd5 Ng5 47.h3 Nxh3 48.Bxe4 Re2+ 49.Kf1 Rf2+  1/2-1/2

[Event "XXII Open"]
[Site "Reykjavik ISL"]
[Date "2006.03.09"]
[Round "4"]
[White "Akesson,R"]
[Black "Kujovic,M"]
[Result "1-0"]
[WhiteElo "2494"]
[BlackElo "2344"]

1.Nf3 d5 2.d4 Nf6 3.c4 e6 4.g3 Be7 5.Bg2 O-O 6.O-O dxc4 7.Qc2 a6 8.a4 Bd7
9.Qxc4 Bc6 10.a5 Bd5 11.Qa4 b5 12.axb6 cxb6 13.Nc3 b5 14.Qc2 Bb7 15.Re1 Nc6
16.Bf4 Rc8 17.Qd1 Na5 18.Rc1 h6 19.Qd3 Bb4 20.e4 Nc4 21.Re2 Qa5 22.Nd1 Rfd8
23.b3 Qa3 24.Qb1 Na5 25.Rxc8 Rxc8 26.Ne5 Be7 27.Rb2 Qb4 28.Bd2 Qxd4 29.Nxf7 b4
30.Be3 Qd7 31.Ne5 Qc7 32.Ng6 Bd6 33.Rd2 Be5 34.Nxe5 Qxe5 35.Bd4 Qg5 36.Ne3 e5
37.Bb6 Nc6 38.Qd1 Qg6 39.Nf5 Rf8 40.Rd6 Qe8 41.Bc5 Rf7 42.f3 Rd7 43.Bf1 g6
44.Rxd7 Qxd7 45.Qd6 Qxd6 46.Nxd6 Ba8 47.Bxa6 Kg7 48.Bc4 g5 49.Be6 h5 50.Kf2 g4
51.f4 Nd4 52.Bxd4 exd4 53.Bf5 Kf8 54.Ke2 Ke7 55.Nc8+ Kd8 56.Kd3  1-0

[Event "U20ch-RUS w"]
[Site "Cheboksary RUS"]
[Date "2006.03.11"]
[Round "10"]
[White "Nebolsina,V"]
[Black "Tomilova,E"]
[Result "1-0"]
[WhiteElo "2269"]
[BlackElo "2273"]

1.d4 d5 2.Nf3 Nf6 3.c4 e6 4.g3 Be7 5.Bg2 O-O 6.O-O dxc4 7.Qc2 a6 8.a4 Bd7
9.Qxc4 Bc6 10.Bg5 Bd5 11.Qd3 Be4 12.Qe3 Bd5 13.Nc3 Nc6 14.Rfd1 Re8 15.Qf4 h6
16.Bxf6 Bxf6 17.e4 Bb3 18.Rd2 Nb4 19.Ra3 Bc2 20.Qe3 Rb8 21.Ne1 b5 22.axb5 axb5
23.Ne2 Bb1 24.Ra1 Ba2 25.b3 c5 26.e5 Bg5 27.f4 Be7 28.Nc1 cxd4 29.Qf3 d3
30.Qe4 Bc5+ 31.Kh1 Bd4 32.Nxa2 Bxa1 33.Nxb4 Qb6 34.Nc6 Rbc8 35.Nxd3 Rc7 36.Rc2 Rec8
37.Ne7+  1-0

[Event "XXII Open"]
[Site "Reykjavik ISL"]
[Date "2006.03.11"]
[Round "6"]
[White "Ivanisevic,I"]
[Black "Kujovic,M"]
[Result "1-0"]
[WhiteElo "2588"]
[BlackElo "2344"]

1.d4 d5 2.c4 e6 3.Nf3 Nf6 4.g3 Be7 5.Bg2 O-O 6.O-O dxc4 7.Ne5 Nc6 8.Nxc6 bxc6
9.Na3 Bxa3 10.bxa3 a5 11.Rb1 Nd5 12.Qc2 Ba6 13.Rd1 Qe7 14.e4 Nb6 15.a4 Rfd8
16.h4 h6 17.Bf1 Rd7 18.Bb2 Qb4 19.Bh3 Qxa4 20.Qc3 Qb4 21.Qf3 Na4 22.Ba1 Qe7
23.d5 cxd5 24.exd5 Rad8 25.dxe6 fxe6 26.Rxd7 Qxd7 27.Re1 Nc5 28.Qh5 Qd2 29.Qe5 Rd7
30.Bc3 Qd5 31.Qxd5 Rxd5 32.Bxa5 Kf7 33.Bb4 Bc8 34.Bg2 Nd3 35.Bxd5 exd5 36.Re7+ Kf6
37.Ba3 c5 38.Rc7 Be6 39.Bxc5 Ke5 40.Bf8 d4 41.a4 Nb2 42.Bxg7+ Kd5 43.a5 d3
44.Bxh6 Ke4 45.a6 Kf3 46.a7 Bd5 47.Bc1 Ke2 48.h5  1-0

[Event "XXII Open"]
[Site "Reykjavik ISL"]
[Date "2006.03.11"]
[Round "6"]
[White "Weeks,Ma"]
[Black "Vovk,Ok"]
[Result "1/2-1/2"]
[WhiteElo "2273"]
[BlackElo "2164"]

1.Nf3 Nf6 2.c4 e6 3.g3 d5 4.d4 Be7 5.Bg2 O-O 6.O-O Nbd7 7.Qc2 c6 8.b3 b6
9.Bb2 Bb7 10.Nc3 Rc8 11.e4 c5 12.exd5 exd5 13.Rfd1 dxc4 14.d5 Bd6 15.bxc4 Re8
16.Re1 a6 17.Qf5 Nf8 18.Ng5 Qd7 19.Qd3 Rxe1+ 20.Rxe1 Re8 21.Rxe8 Qxe8 22.Nce4 Nxe4
23.Bxe4 h6 24.Nf3 Nd7 25.Qc3 Nf6 26.Bd3 b5 27.Nh4 bxc4 28.Nf5 Be5 29.Qxe5 Qxe5
30.Bxe5 cxd3 31.Bxf6 gxf6 32.Kf1 Kf8 33.d6 Bc8 34.Ne3 Be6 35.Ke1 Ke8 36.Kd2 c4
37.f4 f5 38.g4 fxg4 39.f5 c3+ 40.Kxc3 Bxa2 41.Nxg4 Kd7 42.Nxh6 Kxd6 43.Kxd3 Ke5
44.Kc3 Kf6 45.h4 Bb1 46.h5 Bxf5 47.Nxf7  1/2-1/2

[Event "Trophee Universitaire"]
[Site "La Roche-sur-Yon FRA"]
[Date "2006.03.15"]
[Round "1"]
[White "Bauer,Ch"]
[Black "Werle,J"]
[Result "1-0"]
[WhiteElo "2627"]
[BlackElo "2514"]

1.d4 Nf6 2.c4 e6 3.g3 d5 4.Nf3 Be7 5.Bg2 O-O 6.O-O dxc4 7.Qc2 a6 8.Qxc4 b5
9.Qc2 Bb7 10.Bd2 Be4 11.Qc1 Nbd7 12.Ba5 Rc8 13.Nbd2 Ba8 14.Re1 Ne4 15.Nxe4 Bxe4
16.Qe3 Nf6 17.Rec1 Qd6 18.a3 Ba8 19.Bb4 Qd8 20.Bxe7 Qxe7 21.Ne5 Bxg2 22.Kxg2 Nd5
23.Qf3 f6 24.Nc6 Qd6 25.Rc2 Ra8 26.e3 a5 27.Rac1 b4 28.Rc5 bxa3 29.bxa3 a4
30.e4 Nb6 31.Qe3 Qd7 32.h4 Rf7 33.Nb4 Rd8 34.d5 Rc8 35.dxe6 Qxe6 36.Rc6 Qg4
37.Qf3 Qd7 38.Na6 Na8 39.R6c4 Qb5 40.Nb4 Nb6 41.Rc6 Nd7 42.Nd5 Ne5 43.Qf5 Qb7
44.Rb6 Qa8 45.Re6 Rcf8 46.Rxc7 Rxc7 47.Nxc7 Qc8 48.Nd5 Kh8 49.h5 Nd3 50.Re7 Ne1+
51.Kh3 Qxf5+ 52.exf5 Nc2 53.Re4 Nxa3 54.Rb4 h6 55.Rxa4 Nb5 56.Nf4 Rc8 57.Ra5 Nd6
58.Ne6 Rb8 59.g4 Rb3+ 60.Kg2 Rb8 61.Ra7 Rg8 62.Rd7 Nc4 63.f4 Nb6 64.Re7 Nc4
65.Kf3 Nd6 66.Rd7 Nb5 67.Ke3 Nc3 68.Kd3 Nd1 69.Ke2 Nc3+ 70.Kd2 Ne4+ 71.Ke3 Nc3
72.Kf3 Nb5 73.g5 fxg5 74.fxg5 hxg5 75.h6 Rc8 76.hxg7+ Kh7 77.f6 Kg6 78.f7 Nd4+
79.Kg4  1-0

[Event "2nd Bundesliga Ost 2005-6"]
[Site "Austria AUT"]
[Date "2006.03.18"]
[Round "10"]
[White "Riedner,M"]
[Black "Hangweyrer,M"]
[Result "1/2-1/2"]
[WhiteElo "2233"]
[BlackElo "2332"]

1.d4 Nf6 2.c4 e6 3.g3 d5 4.Bg2 Be7 5.Nf3 dxc4 6.Qc2 O-O 7.O-O Bd7 8.Ne5 Bc6
9.Nxc6 Nxc6 10.e3 e5 11.Qxc4 exd4 12.Rd1 Qd7 13.exd4 Rad8 14.d5 Ne5 15.Qe2 Qf5
16.Nc3 Bc5 17.Be3 Bxe3 18.fxe3 a6 19.e4 Qg5  1/2-1/2

[Event "Open"]
[Site "Bad Woerishofen GER"]
[Date "2006.03.20"]
[Round "4"]
[White "Tolhuizen,L"]
[Black "Michalczak,T"]
[Result "1/2-1/2"]
[WhiteElo "2253"]
[BlackElo "2361"]

1.d4 Nf6 2.Nf3 d5 3.c4 e6 4.g3 Be7 5.Bg2 O-O 6.O-O dxc4 7.Qc2 a6 8.Qxc4 b5
9.Qc2 Bb7 10.Bd2 Nc6 11.e3 Nb4 12.Bxb4 Bxb4 13.a3 Bd6 14.Nbd2 Rc8 15.e4 Be7
16.b4 a5 17.Rab1 axb4 18.axb4 Ra8 19.Rfc1 Ra4 20.Qxc7 Bxe4 21.Nxe4 Nxe4 22.Qc6 Nd6  1/2-1/2

[Event "Sozina Open"]
[Site "Bar SCG"]
[Date "2006.03.20"]
[Round "3"]
[White "Vojinovic,G"]
[Black "Toth,Al"]
[Result "1-0"]
[WhiteElo "2466"]
[BlackElo "2302"]

1.d4 d5 2.Nf3 Nf6 3.c4 e6 4.g3 Be7 5.Bg2 O-O 6.O-O dxc4 7.Qc2 a6 8.a4 Bd7
9.Qxc4 Bc6 10.Nc3 b5 11.Qd3 b4 12.Nb1 Be4 13.Qd1 c5 14.Nbd2 Bc6 15.Nc4 Nbd7
16.Bf4 cxd4 17.Qxd4 Bc5 18.Qd1 Bd5 19.Rc1 Qe7 20.Nfe5 Bxg2 21.Kxg2 Nxe5 22.Bxe5 Qb7+
23.f3 Ng4 24.Bf4 Rac8 25.e4 Nf6 26.Qe2 h6 27.Bd6 Bd4 28.Rcd1 e5 29.Bxf8 Rxf8
30.Nd6 Qb6 31.Nf5  1-0

[Event "TCh-AUT 2005-6"]
[Site "Austria AUT"]
[Date "2006.03.23"]
[Round "8"]
[White "Karner,C"]
[Black "Zsifkovits,R"]
[Result "1-0"]
[WhiteElo "2338"]
[BlackElo "2224"]

1.d4 Nf6 2.c4 e6 3.g3 d5 4.Nf3 Be7 5.Bg2 O-O 6.O-O dxc4 7.Ne5 c5 8.dxc5 Bxc5
9.Nc3 Nc6 10.Nxc4 Bd7 11.e4 e5 12.Nd5 Be6 13.Bg5 b5 14.Bxf6 gxf6 15.Nce3 Nd4
16.Qh5 Kh8 17.Rac1 Bd6 18.Qh6 Rg8 19.Nxf6 Rg7 20.Rcd1 Be7 21.Ned5 Bxd5 22.Nxd5 Rg6
23.Qh5 Bd6 24.f4 f6 25.Kh1 Qf8 26.fxe5 Bxe5 27.Nxf6 Bxf6 28.e5 Rd8 29.exf6 Ne6
30.Rxd8 Nxd8 31.Qe5  1-0

[Event "TCh-AUT 2005-6"]
[Site "Austria AUT"]
[Date "2006.03.25"]
[Round "10"]
[White "Horvath,Jo1"]
[Black "Wukits,R"]
[Result "1-0"]
[WhiteElo "2525"]
[BlackElo "2321"]

1.Nf3 d5 2.d4 e6 3.c4 Nf6 4.g3 Be7 5.Bg2 O-O 6.Qc2 a6 7.Nbd2 Nc6 8.b3 dxc4
9.Qxc4 e5 10.dxe5 Be6 11.Qc2 Ng4 12.Bb2 Nb4 13.Qc1 f6 14.exf6 Rxf6 15.O-O Rh6
16.h3 Nf6 17.Ng5 Bd5 18.e4 Nd3 19.Qc2 Nxb2 20.exd5 Nxd5 21.Nge4 Ba3 22.Nb1  1-0

[Event "Sozina Open"]
[Site "Bar SCG"]
[Date "2006.03.26"]
[Round "9"]
[White "Jovanovic,Zo1 SCG"]
[Black "Mijovic,S"]
[Result "0-1"]
[WhiteElo "2291"]
[BlackElo "2142"]

1.d4 d5 2.c4 e6 3.Nf3 Nf6 4.g3 Be7 5.Bg2 O-O 6.O-O c6 7.Qc2 Nbd7 8.Rd1 b6
9.b3 Bb7 10.Nc3 Rc8 11.e4 Ba8 12.Bb2 Qc7 13.Rac1 Qb8 14.Qe2 Rfd8 15.a3 dxe4
16.Nxe4 Nxe4 17.Qxe4 c5 18.Qc2 cxd4 19.Rxd4 Bf6 20.Rf4 h6 21.h3 Ne5 22.Bxe5 Bxe5
23.Nxe5 Qxe5 24.Bxa8 Rxa8 25.Rd1 Rd6 26.Rxd6 Qxd6 27.b4 Rd8 28.Qc3 Qd3 29.Rf3 Qb1+
30.Kg2 Rd1 31.Re3 Rg1+ 32.Kf3 Qf5+ 33.Ke2 Qxh3 34.Rd3 Qg4+ 35.Ke3 e5 36.Rd8+ Kh7
37.Rd5 e4 38.Qc2 Qf3+ 39.Kd4 Re1 40.c5 Rd1+ 41.Qxd1 Qxd1+ 42.Kxe4 Qe2+ 43.Kd4 Qxf2+
44.Kc4 Qa2+ 45.Kd4 Qxa3  0-1

[Event "TCh-FRA Top 16 Gp A"]
[Site "Montpellier FRA"]
[Date "2006.03.31"]
[Round "5"]
[White "Bauer,Ch"]
[Black "Grischuk,A"]
[Result "1/2-1/2"]
[WhiteElo "2627"]
[BlackElo "2717"]

1.d4 Nf6 2.c4 e6 3.g3 d5 4.Nf3 Be7 5.Bg2 O-O 6.O-O dxc4 7.Qc2 a6 8.Qxc4 b5
9.Qc2 Bb7 10.Bd2 Ra7 11.Rd1 Nbd7 12.Ba5 Qa8 13.b4 Nb8 14.a3 Nc6 15.Nbd2 Nxa5
16.bxa5 c5 17.dxc5 Rc8 18.Nb3 Ne4 19.Rd7 Bxc5 20.Nxc5 Nxc5 21.Rxf7 Kxf7 22.Qxh7 Rh8
23.Ne5+ Kf6 24.Ng4+ Kf7 25.Ne5+ Kf6 26.Ng4+ Kf7 27.Ne5+  1/2-1/2

[Event "TCh-FRA Top 16 Gp B"]
[Site "Gonfreville FRA"]
[Date "2006.04.02"]
[Round "7"]
[White "Dunis,A"]
[Black "Dorfman,J"]
[Result "1-0"]
[WhiteElo "2534"]
[BlackElo "2595"]

1.d4 Nf6 2.c4 e6 3.Nf3 d5 4.g3 Be7 5.Bg2 O-O 6.O-O dxc4 7.Qc2 a6 8.Qxc4 b5
9.Qc2 Bb7 10.Bd2 Ra7 11.a4 b4 12.Bg5 Be4 13.Qd1 c5 14.Nbd2 Bd5 15.dxc5 Nbd7
16.Nb3 Nxc5 17.Nxc5 Bxc5 18.Ne5 Bd6 19.Bxf6 gxf6 20.Qd4 Bxg2 21.Kxg2 Qa8+
22.Nf3 Be7 23.Rac1 Rd8 24.Qg4+ Kh8 25.Qh5 Bf8 26.Rc4 Rad7 27.Rfc1 Qb7 28.Qh4 Be7
29.Qh6 f5 30.Kh3 Bf8 31.Qh4 Be7 32.Ng5 Bxg5 33.Qxg5 Qb8 34.Qf6+ Kg8 35.Rh4 Qd6
36.Qg5+ Kf8 37.Rxh7 Qd4 38.Rc4  1-0

[Event "7th ch-Euro"]
[Site "Kusadasi TUR"]
[Date "2006.04.04"]
[Round "1"]
[White "Miroshnichenko,E"]
[Black "Pashikian,A"]
[Result "1-0"]
[WhiteElo "2619"]
[BlackElo "2472"]

1.Nf3 Nf6 2.c4 e6 3.g3 d5 4.Bg2 Be7 5.d4 O-O 6.Qc2 c6 7.O-O b6 8.Nbd2 a5
9.e4 Ba6 10.e5 Ne4 11.Re1 Nxd2 12.Nxd2 Nd7 13.cxd5 cxd5 14.Nf1 b5 15.Qd1 Qb6
16.Qg4 Rfc8 17.Ne3 h5 18.Qd1 g6 19.g4 h4 20.g5 Bxg5 21.Nxd5 Qd8 22.Bxg5 Qxg5
23.f4 Qd8 24.Ne3 Ra7 25.d5 Qb6 26.Kh1 Bb7 27.Qg4 Nc5 28.Rad1 Rd8 29.Qxh4 exd5
30.Ng4 d4 31.Qh6 Bxg2+ 32.Kxg2 f5 33.exf6 Qc6+ 34.Kg1 Rh7 35.Qxg6+ Kh8 36.Re7 Qd7  1-0